Statistics for Countries containing an Intermediate Cardinal Direction

Click here to take the quiz!

General Stats

  • This quiz has been taken 29 times
  • The average score is 11 of 24

Answer Stats

COUNTRY% Correct
Swaziland
88%
Switzerland
85%
Senegal
81%
Sweden
73%
New Zealand
65%
Serbia
65%
Nepal
62%
Botswana
54%
Netherlands
54%
Guinea
50%
Guinea-Bissau
50%
Papua New Guinea
50%
Indonesia
46%
Equatorial Guinea
42%
Seychelles
42%
Federated States of Micronesia
35%
Saint Vincent and the Grenadines
31%
Venezuela
31%
Ukraine
27%
Brunei
23%
Philippines
23%
Saint Kitts and Nevis
23%
Sierra Leone
23%
Montenegro
19%

Score Distribution

Percentile by Number Answered

Percent of People with Each Score

Your Score History

You have not taken this quiz